Imaginería cívica, monumentos y estatuas. Complemento cultural /
El documento es un avance de investigación (Avance # 13) en el CIICLA. Se trata la estatuaria cívica en San José en el período entre 1890-1990.
Na minha lista:
| Autor principal: | |
|---|---|
| Formato: | Livro |
| Idioma: | Spanish |
| Publicado em: |
San José, Costa Rica:
CIICLA,
1998.
|
| Assuntos: | |
| Tags: |
Adicionar Tag
Sem tags, seja o primeiro a adicionar uma tag!
|
MARC
| LEADER | 00000nam a22000007a 4500 | ||
|---|---|---|---|
| 008 | 160211s1998 cr |r||||a000 0 spa d | ||
| 040 | |a CIICLA - UCR | ||
| 041 | |a spa | ||
| 090 | |a AVANCE # 13 | ||
| 100 | 1 | |a Fumero Vargas, Ana Patricia |d 1958- | |
| 245 | 1 | 0 | |a Imaginería cívica, monumentos y estatuas. Complemento cultural / |c Patricia Fumero Vargas |
| 260 | |a San José, Costa Rica: |b CIICLA, |c 1998. | ||
| 300 | |a 19 páginas | ||
| 500 | |a En este avance se presenta ocho imágenes religiosas, con una breve descripción y además se registran 25 estatuas y su ubicación. | ||
| 505 | |t Estudios sobre la estatuomanía -- La ciudad -- La imaginería cívica: sustento ideológico del poder -- Imaginería cívica y cultura nacional -- Inventario de la estatuaria cívica en San José. | ||
| 520 | |a El documento es un avance de investigación (Avance # 13) en el CIICLA. Se trata la estatuaria cívica en San José en el período entre 1890-1990. | ||
| 650 | 1 | 4 | |a ESCULTURA |y 1890-1990 |z SAN JOSE (COSTA RICA) |
| 942 | |2 ddc |c BK | ||
| 999 | |c 4582 |d 4582 | ||
